000 00454nam a22001697a 4500
003 NUST - PNEC
005 20170116180853.0
008 150827b xxu||||| |||| 00| 0 eng d
020 _a0070168962
040 _cLIBRARY
082 _a620.00 DIE
100 _95833
_aDieter, George
245 _aEngineering design : a materials and processing approach
_cGeorge Dieter
260 _cc1983.
650 _95836
_aEngineering design
_xME
942 _2ddc
_cBK
999 _c64704
_d64704